000 00818nam a2200253Ia 4500
003 OSt
005 20220923224802.0
006 a|||||r|||| 00| 0
007 ta
008 220922b |||||||| |||| 00| 0 hin d
024 _a250,164
037 _cTextual
040 _aARTS
_cARTS
_bhin
041 _2hin
_ahin
082 _aO15,1A1, 152N1
100 _aपाण्डुरंग राव
245 0 _aरामकथा नवनीत
246 _aRāmakathā navanīta
260 _aनई दिल्ली
_b भारतीय ज्ञानपीठ प्रकाशन
_c1991
300 _a451पृ.
_ccm.
650 _aसंस्कृत साहित्य
942 _hO15,1A1, 152N1
_cTEXL
_2CC
999 _c373624
_d373624